000 002930000a22000970004500
100 1 _aLeithart, Peter J.
245 1 0 _aAttendant of Yahweh's house : Preisthood in the Old Testament
300 _aNúm 85 (1999), Páginas 3-24
773 0 _tJournal for the Study of the Old Testament
942 _cANA
999 _c54752
_d54752